Score 0/18 Timer 07:00
0 Plays Today
% Correct
Who you gonna call? Probably this 1984 Bill Murray team.Ghostbusters
92.4%
Who made the first telephone call in history?Alexander Graham Bell
86.3%
What does the pot call the kettle in the hypocritical idiom?black
85.7%
What woman did Jesus call out to on the cross when he said, 'Woman, behold thy son!'?Mary
82.5%
What novel begins with the line, 'Call me Ishmael'?Moby-Dick
79.5%
What do mathematicians call March 14?Pi Day
76.3%
'When a Stranger Calls' may deter teenage girls from what neighborhood job?Babysitting
73.1%
'I am serious, and don't call me Shirley' is said during what 1980 comedy?Airplane!
72.2%
What show was Frasier on before we saw him taking calls from 'tossed salads' on 'Frasier'?Cheers
70.8%
% Correct
'Can you hear me now?' said during a phone call is a reference to what company?Verizon
69.1%
If you make a call to Caracas, which country's capital have you called?Venezuela
64.7%
Who wrote 'The Call of the Wild'?Jack London
64.2%
What record-breaking reality show follows the success of the Duck Commander duck call?Duck Dynasty
64.2%
Who sang the #1 song 'Call Me Maybe'?Carly Rae Jepsen
63.4%
What does MW stand for in the hit video game Call of Duty 4: MW?Modern Warfare
51.5%
What movie features Sidney Poitier exclaim, 'They call me Mister Tibbs!'?In the Heat of the Night
33.6%
Which British sitcom advises you to call 0118 999 88199 9119 725 3 in an emergency?The IT Crowd
12.8%
What Russian-born artist sang 'The Call' in 'The Chronicles of Narnia: Prince Caspian'?Regina Spektor
8.9%
Remove Ads.
Support Sporcle.
Get the best of Sporcle when you Go Orange. This ad-free experience offers more features, more stats, and more fun while also helping to support Sporcle. Thank you for becoming a member.

You're not logged in!

Compare scores with friends on all Sporcle quizzes.
OR
Log In

Show Comments

Extras

Top Quizzes Today


Score Distribution

Your Account Isn't Verified!

In order to create a playlist on Sporcle, you need to verify the email address you used during registration. Go to your Sporcle Settings to finish the process.

Report this User

Report this user for behavior that violates our Community Guidelines.

Details: